000 01146nam a2200277Ia 4500
005 20240530110906.0
008 140319s2008 ua g b 000 0 ara d
017 _a2008/11600
_bمصر. دار الكتب
020 _a9773011488
040 _aGCL /
_cGCL
082 0 4 _221
_a305242/
_bص ش
100 0 _aصلاح محمد عبدالحميد
245 1 2 _aالشباب صناع الحضارة /
_cتاليف صلاح محمد عبدالحميد ؛ مراجعة سلامة الصاوى
250 _aالاولى
260 _aالقاهرة :
_bهبة النيل العربية للنشر و التوزيع ،
_c2008.
300 _a192 ص ؛
_c24 سم.
504 _aيشتمل على ارجاعات ببليوجرافية
650 0 7 _2qrmak
_aالشباب
650 0 7 _2qrmak
_aالشباب
_xالجوانب الاخلاقية
650 0 7 _2qrmak
_aالمخدرات والشباب
650 0 7 _2qrmak
_aالشباب
_xالنشاط السياسى
650 0 7 _2qrmak
_aالشباب
_xرعاية اجتماعية
700 0 _aسلامة الصاوى
_eمراجع
942 _2ddc
_cBK
999 _c66213
_d66213